| 000 | 00581nam a2200181Ia 4500 | ||
|---|---|---|---|
| 008 | 131103s9999 xx 000 0 und d | ||
| 040 | _aLoreto College | ||
| 041 | _aEnglish | ||
| 082 |
_a150.287/AGG _bLCBED/13442 |
||
| 100 | _aAggarwal, J.C. | ||
| 245 |
_aEssentials of examination system _b evaluation,tests and measurement _cJ.C.Aggarwal |
||
| 260 |
_aNew Delhi _bVikas Publication _c2000 |
||
| 300 |
_axiv,400p. _b illus. _c 22 cm. |
||
| 504 | _aIncludes bibliographical references and index | ||
| 650 | _aIntelligence testing | ||
| 850 | _aLCBED/150.287/AGG | ||
| 942 | _cBK | ||
| 999 |
_c28354 _d78833 |
||